<?xml version="1.0" encoding="UTF-8"?>
<collection xmlns="http://www.loc.gov/MARC21/slim">
 <record>
  <leader>01419nab a2200229 i 4500</leader>
  <controlfield tag="001">acta73899</controlfield>
  <controlfield tag="005">20260218144811.0</controlfield>
  <controlfield tag="008">211115s2020    hu      o     000   eng d</controlfield>
  <datafield tag="022" ind1=" " ind2=" ">
   <subfield code="a">2064-8316</subfield>
  </datafield>
  <datafield tag="024" ind1="7" ind2=" ">
   <subfield code="a">10.14232/actasm-019-750-7</subfield>
   <subfield code="2">doi</subfield>
  </datafield>
  <datafield tag="040" ind1=" " ind2=" ">
   <subfield code="a">SZTE Egyetemi Kiadványok Repozitórium</subfield>
   <subfield code="b">hun</subfield>
  </datafield>
  <datafield tag="041" ind1=" " ind2=" ">
   <subfield code="a">eng</subfield>
  </datafield>
  <datafield tag="100" ind1="1" ind2=" ">
   <subfield code="a">Manna Atanu</subfield>
  </datafield>
  <datafield tag="245" ind1="1" ind2="0">
   <subfield code="a">New Hardy-type integral inequalities</subfield>
   <subfield code="h">[elektronikus dokumentum] /</subfield>
   <subfield code="c"> Manna Atanu</subfield>
  </datafield>
  <datafield tag="260" ind1=" " ind2=" ">
   <subfield code="a">Bolyai Institute, University of Szeged</subfield>
   <subfield code="b">Szeged</subfield>
   <subfield code="c">2020</subfield>
  </datafield>
  <datafield tag="300" ind1=" " ind2=" ">
   <subfield code="a">467-491</subfield>
  </datafield>
  <datafield tag="490" ind1="0" ind2=" ">
   <subfield code="a">Acta scientiarum mathematicarum</subfield>
   <subfield code="v">86 No. 3-4</subfield>
  </datafield>
  <datafield tag="520" ind1="3" ind2=" ">
   <subfield code="a">The proofs of generalized Hardy, Copson, Bennett, Leindler-type, and Levinson integral inequalities are revisited. It is contemplated to establish new proof of these classical inequalities using probability density function. New integral inequalities of Hardy-type involving the r th order Generalized Riemann–Liouville, Generalized Weyl, Erdélyi-Kober, (k, ν)-Riemann–Liouville, and (k, ν)-Weyl fractional integrals are established through a probabilistic approach. The Kullback–Leibler inequality has been applied to compute the best possible constant factor associated with each of these inequalities.</subfield>
  </datafield>
  <datafield tag="650" ind1=" " ind2="4">
   <subfield code="a">Természettudományok</subfield>
  </datafield>
  <datafield tag="650" ind1=" " ind2="4">
   <subfield code="a">Matematika</subfield>
  </datafield>
  <datafield tag="695" ind1=" " ind2=" ">
   <subfield code="a">Matematika, Integrálegyenlőtlenség</subfield>
  </datafield>
  <datafield tag="856" ind1="4" ind2="0">
   <subfield code="u">http://acta.bibl.u-szeged.hu/73899/1/math_086_numb_003-004_467-491.pdf</subfield>
   <subfield code="z">Dokumentum-elérés </subfield>
  </datafield>
 </record>
</collection>
